00924 a2200193 4500003000500000005001700005040000900022082001200031100003300043245002400076260003200100300000900132505039200141600003200533650001300565942001200578999001900590952012100609Nust20230222112338.0 cNust a515,SOK aSokolnikoff, Ivan S.9109445 aAdvanced calculus / aNew YorkbMcGraw Hillc1939 a445p aLimits and Continuity (Page-1), Derivatives and Differentials (Page-41), Functions of Several Variables (Page-58), Definite Integrals (Page-99), Multiple Integrals (Page-130), Line Integrals (Page-174), Infinite Series (Page-209), Power Series (Page-267), Applications of Power Series (Page-291), Improper Integrals (Page-335), Fourier Series (Page-378), Implicit Functions (Page-415).  aIvan S. Sokolnikoff9109446 aCalculus 2ddccBK c181222d181222 00102ddc4070aMCSbMCScGENd2016-12-12o515,SOKpMCS22688r2016-12-08w2016-12-12yBKzAlmirah No.71, Shelf No.2